Famine crimes : (Record no. 768)

MARC details
000 -LEADER
fixed length control field 01473cam a2200361 a 4500
001 - CONTROL NUMBER
control field 4490094
003 - CONTROL NUMBER IDENTIFIER
control field OSt
005 - DATE AND TIME OF LATEST TRANSACTION
control field 20230607085006.0
008 - FIXED-LENGTH DATA ELEMENTS--GENERAL INFORMATION
fixed length control field 970701s1997 enkab b s001 0 eng
010 ## - LIBRARY OF CONGRESS CONTROL NUMBER
LC control number 97029463
020 ## - INTERNATIONAL STANDARD BOOK NUMBER
International Standard Book Number 0852558112 (James Currey : cloth)
020 ## - INTERNATIONAL STANDARD BOOK NUMBER
International Standard Book Number 0852558104 (James Currey : paper)
020 ## - INTERNATIONAL STANDARD BOOK NUMBER
International Standard Book Number 0253333679 (Indiana Univ. Press : cloth)
020 ## - INTERNATIONAL STANDARD BOOK NUMBER
International Standard Book Number 0253211581 (Indiana Univ. Press : paper)
040 ## - CATALOGING SOURCE
Original cataloging agency DLC
Transcribing agency DLC
Modifying agency DLC
043 ## - GEOGRAPHIC AREA CODE
Geographic area code f------
050 00 - LIBRARY OF CONGRESS CALL NUMBER
Classification number HV696.F6
Item number D4 1997
082 00 - DEWEY DECIMAL CLASSIFICATION NUMBER
Classification number 363348096
Item number WAA
100 1# - MAIN ENTRY--PERSONAL NAME
Personal name De Waal, Alexander.
245 10 - TITLE STATEMENT
Title Famine crimes :
Remainder of title politics & the disaster relief industry in Africa /
Statement of responsibility, etc. Alex De Waal.
260 ## - PUBLICATION, DISTRIBUTION, ETC. (IMPRINT)
Place of publication, distribution, etc. London :
Name of publisher, distributor, etc. African Rights & the International African Institute in association with James Currey, Oxford & Indiana University Press, Bloomington,
Date of publication, distribution, etc. 1997.
300 ## - PHYSICAL DESCRIPTION
Extent xviii, 238 p. :
Other physical details ill., maps ;
Dimensions 23 cm.
440 #0 - SERIES STATEMENT/ADDED ENTRY--TITLE
Title African issues
504 ## - BIBLIOGRAPHY, ETC. NOTE
Bibliography, etc Includes bibliographical references (p. 222-232) and index.
650 #0 - SUBJECT ADDED ENTRY--TOPICAL TERM
Topical term or geographic name as entry element Food relief
General subdivision Government policy
Geographic subdivision Africa.
650 #0 - SUBJECT ADDED ENTRY--TOPICAL TERM
Topical term or geographic name as entry element Humanitarian assistance
General subdivision Government policy
Geographic subdivision Africa.
650 #0 - SUBJECT ADDED ENTRY--TOPICAL TERM
Topical term or geographic name as entry element Starvation
General subdivision Moral and ethical aspects
Geographic subdivision Africa.
651 #0 - SUBJECT ADDED ENTRY--GEOGRAPHIC NAME
Geographic name Africa
General subdivision Social policy.
651 #0 - SUBJECT ADDED ENTRY--GEOGRAPHIC NAME
Geographic name Africa
General subdivision Politics and government.
906 ## - LOCAL DATA ELEMENT F, LDF (RLIN)
a 7
b cbc
c orignew
d 1
e ocip
f 19
g y-gencatlg
942 ## - ADDED ENTRY ELEMENTS (KOHA)
Source of classification or shelving scheme Dewey Decimal Classification
Koha item type Books
Holdings
Withdrawn status Lost status Source of classification or shelving scheme Damaged status Not for loan Home library Current library Date acquired Total Checkouts Full call number Barcode Date last seen Price effective from Koha item type Checked out
    Dewey Decimal Classification     Bunge Tower Library Bunge Tower Library 06/07/2023   363.348096 WAA 10014824 06/07/2023 06/07/2023 Books  
    Dewey Decimal Classification     Bunge Tower Library Bunge Tower Library 06/07/2023   363.348096 WAA 10014826 06/07/2023 06/07/2023 Books  
    Dewey Decimal Classification     Bunge Tower Library Bunge Tower Library 06/07/2023   363.348096 WAA 10014825 06/07/2023 06/07/2023 Books 04/06/2022
    Dewey Decimal Classification     Bunge Tower Library Bunge Tower Library 06/07/2023   363.348096 WAA 10014827 06/07/2023 06/07/2023 Books  
LIBRARY OPENING HOURS

When the Parliament is sitting: 8.00a.m - 7.00p.m or until the house adjourns
Mondays and Fridays and when the House is on Recess:  8.00a.m - 5.00p.m
Closed on Weekends and Public Holidays

Online Public Access Catalog (OPAC)
Website: http://www.parliament.go.ke
Bunge Library: https://libraryir.parliament.go.ke
Contact: library@parliament.go.ke | Tel no: (254-2)2221291 or 2848000 Ext 5043